书目信息 |
| 题名: |
肝经、胆经疾病的自然疗法
|
|
| 作者: | 张德记, 著 | |
| 分册: | ||
| 出版信息: | 北京 中医古籍出版社 2017 |
|
| 页数: | 340页 | |
| 开本: | 24cm | |
| 丛书名: | 金口诀自然医学系列丛书 | |
| 单 册: | ||
| 中图分类: | R224.1 | |
| 科图分类: | ||
| 主题词: | 足厥阴肝经--zu jue yin gan jing--疾病--自然疗法 , 足少阳胆经--zu shao yang dan jing--疾病--自然疗法 | |
| 电子资源: | ||
| ISBN: | 978-7-5152-1283-8 | |
| 000 | 01182nam 2200289 450 | |
| 001 | 012001000642 | |
| 005 | 20131106142050.0 | |
| 010 | @a978-7-5152-1283-8@dCNY53.00 | |
| 099 | @aCAL 012017132014 | |
| 100 | @a20170821d2017 em y0chiy50 ea | |
| 101 | 0 | @achi |
| 102 | @aCN@b110000 | |
| 105 | @aa z 000yy | |
| 106 | @ar | |
| 200 | 1 | @a肝经、胆经疾病的自然疗法@Agan jing 、 dan jing ji bing de zi ran liao fa@f张德记著 |
| 210 | @a北京@c中医古籍出版社@d2017 | |
| 215 | @a340页@c图@d24cm | |
| 225 | 2 | @a金口诀自然医学系列丛书@Ajin kou jue zi ran yi xue xi lie cong shu |
| 314 | @a张德记, 曾任中国人民解放军军事统筹学会谋略研究中心主任研究员。 | |
| 330 | @a本书共分为肝脏病 ; 胆脏病两部, 其主要内容包括: 借自然医学分析研究肝脏病 ; 借自然医学 (子午流注补泻) 防与治肝脏病 ; 借自然医学 (经穴) 补泻与防治肝脏病 ; 借自然医学立体运动补泻与防治肝脏病等。 | |
| 410 | 0 | @12001 @a金口诀自然医学系列丛书 |
| 606 | 0 | @a足厥阴肝经@Azu jue yin gan jing@x疾病@x自然疗法 |
| 606 | 0 | @a足少阳胆经@Azu shao yang dan jing@x疾病@x自然疗法 |
| 690 | @aR224.1@v5 | |
| 701 | 0 | @a张德记,@Azhang de ji@f1959-@4著 |
| 801 | 0 | @aCN@b北京卓展文化@c20191020 |
| 905 | @b1196553-7@dR224.1@e488@f5 | |
| 肝经、胆经疾病的自然疗法/张德记著.-北京:中医古籍出版社,2017 |
| 340页:图;24cm.-(金口诀自然医学系列丛书) |
| ISBN 978-7-5152-1283-8:CNY53.00 |
| 本书共分为肝脏病 ; 胆脏病两部, 其主要内容包括: 借自然医学分析研究肝脏病 ; 借自然医学 (子午流注补泻) 防与治肝脏病 ; 借自然医学 (经穴) 补泻与防治肝脏病 ; 借自然医学立体运动补泻与防治肝脏病等。 |
| ● |
| 相关链接 |
|
|
|
|
正题名:肝经、胆经疾病的自然疗法
索取号:R224.1/488
 
预约/预借
| 序号 | 登录号 | 条形码 | 馆藏地/架位号 | 状态 | 备注 |
| 1 | 1196553 | 211965532 | 第二样本阅览室/ [索取号:R224.1/488] | 在馆 | |
| 2 | 1196554 | 211965541 | 第三借阅区/ [索取号:R224.1/488] | 在馆 | |
| 3 | 1196555 | 211965550 | 第三借阅区/ [索取号:R224.1/488] | 在馆 | |
| 4 | 1196556 | 211965569 | 第三借阅区/ [索取号:R224.1/488] | 在馆 | |
| 5 | 1196557 | 211965578 | 第三借阅区/ [索取号:R224.1/488] | 在馆 |